Çankaya'nın kalemşoru (Record no. 10021)

MARC details
000 -BAŞLIK
Sabit Uzunlukta Kontrol Alanı 01122na a2200337 4500
001 - KONTROL NUMARASI
Denetim Alanı 13819
003 - KONTROL NUMARASI IDENTIFIER
Denetim Alanı MIRAKIL
005 - SON İŞLEM TARİHİ VE ZAMANI
Denetim Alanı 20181213155304.0
008 - SABİT-BOY VERİ ELEMANLARI - GENEL BİLGİLER
Sabit Uzunlukta Kontrol Alanı 161022b tu 000 0
020 ## - ULUSLARARASI STANDART KİTAP NUMARASI
Uluslararası Standart Kitap Numarası 9789751034342
035 ## - SİSTEM KONTROL NUMARASI
Sistem Kontrol Numarası 13819
040 ## - KATALOGLAMA KAYNAK
Orijinal Kataloglama Ajansı Milas
Kataloglama Dili tur
Metne Dönüştürmek Ajansı TR-AnCHP
041 ## - DİL KODU
Metin / Ses Parça Veya Ayrı Başlığın Dil Kodu tur
082 ## - DEWEY ONLU SINIFLANDIRMA NUMARASI
Sınıflandırma Numarası 928 Atay,F.R.
Ürün Numarası G96ç 2014
090 ## - SINIFLAMA NUMARASI
Sınıflama Numarası 928 Atay,F.R. G96ç 2014
100 ## - ANA GİRİŞ - KİŞİSEL İSİM
Kişisel Ad Gürsoy, Yaşar
245 ## - BAŞLIK TABLOSU
Başlık Çankaya'nın kalemşoru
Başlığın Kalan bilinmeyenleriyle Falih Rıfkı Atay
Sorumluluk Tablosu, Vb Yaşar Gürsoy ; editör Ahmet Bozkurt
246 ## - UNVAN FORM VARYING
Başlık Doğru / Kısa Başlığı Bilinmeyenleriyle Falih Rıfkı Atay
260 ## - YAYIN, DAĞITIM, VB
Yayın, Dağıtım, Vb Yeri İstanbul
Yayıncı, Dağıtıcı, Vs Adı İnkılap kitabevi
Yayın, Dağıtım, Vb Tarihi 2014
300 ## - FİZİKSEL TANIM
Kapsam 416 s.
Diğer Fiziksel Ayrıntıları fotg.
Boyutlar 19 sm.
500 ## - GENEL NOT
Genel Not Albüm sondadır.
504 ## - KAYNAKÇA VB NOT
Kaynakça Vb Notu Kaynakça var
600 ## - KONU KATMA GİRİŞ - KURUMSAL ADI
Kişisel Ad Atay, Falih Rıfkı
Genel Alt Bölümü Yaşamöyküsü
600 ## - KONU KATMA GİRİŞ - KURUMSAL ADI
Kişisel Ad Siyaset
Genel Alt Bölümü Anılar
Kronolojik Alt Bölümü 20. yüzyıl
Coğrafi Alt Bölümü Türkiye
600 ## - KONU KATMA GİRİŞ - KURUMSAL ADI
Kişisel Ad Atay, Falih Rıfkı
Bir Adıyla İlişkilendirilen Tarihler 1893-1971
Kronolojik Alt Bölümü Anılar
650 ## - KONU KATMA GİRİŞ - TOPİKAL DÖNEM
Topikal Süreli Veya Coğrafi Ad Giriş Elemanı Gazeteciler
Genel Alt Bölümü Anılar
Coğrafi Alt Bölümü Türkiye
650 ## - KONU KATMA GİRİŞ - TOPİKAL DÖNEM
Topikal Süreli Veya Coğrafi Ad Giriş Elemanı Savaş sonrası yeniden yapılanma
Genel Alt Bölümü 20. yüzyıl
Coğrafi Alt Bölümü Türkiye
650 ## - KONU KATMA GİRİŞ - TOPİKAL DÖNEM
Topikal Süreli Veya Coğrafi Ad Giriş Elemanı Devlet adamları
Genel Alt Bölümü Anılar
Coğrafi Alt Bölümü Türkiye
700 ## - KATMA GİRİŞ - KİŞİSEL İSİM
Kişisel Ad Bozkurt, Ahmet
942 ## - EKLENDİ GİRİŞ ELEMANLARI (KOHA)
Sınıflandırma Veya Raf Düzeni Kaynak
Koha Öğesi Türü Books
999 ## - SİSTEM KONTROL NUMARALARI (KOHA)
Koha Biblionumber 10021
Koha Biblioitemnumber 10021
Holdings
Kalıcı Konum Mevcut Konum Edinme Tarihi Edinim Kaynak Toplam Check-Out'Lar Tam Çağrı Numarası Barkod Tarih Son Görülme İtibaren Geçerli Fiyatlar Koha Öğesi Türü
CHP Kütüphanesi CHP Kütüphanesi 08/18/2016 Bağış   928 Atay,F.R. G96ç 2014 001356 08/18/2016 08/18/2016 Books